Hormigas del género dolichoderus lund (formicidae : dolichoderinae) en Colombia / (Registro nro. 7542)

Detalles MARC
000 -CABECERA
Campo de control 00917nam a22002537a 4500
005 - FECHA Y HORA DE LA ULTIMA TRANSACCION
Campo de control 20130812153712.0
008 - ELEMENTOS DE LONGITUD FIJA—INFORMACION GENERAL
Campo de control 120706s2011 ck ag gr 001 0 eng d
020 ## - ISBN
ISBN 9789587196931
041 0# - IDIOMA
Código de idioma para texto/pista de sonido o título separado Español
044 ## - PAÍS DE PUBLICACIÓN
País de publicación Colombia
082 04 - NUMERO DE CLASIFICACION DECIMAL DEWEY
Número de clasificación 595.796
Número del ítem O77h
100 1# - ASIENTO PRINCIPAL--NOMBRE PERSONAL
Nombre personal Ortiz, Claudia M.
245 10 - MENCION DE TITULO
Título Hormigas del género dolichoderus lund (formicidae : dolichoderinae) en Colombia /
Mención de responsabilidad Claudia M. Ortiz & Fernando Fernández.
260 ## - PUBLICACION, DISTRIBUCION, ETC. (PIE DE IMPRENTA)
Lugar de publicación, distribución, etc. Bogotá :
Nombre del editor, distribuidor, etc. Universidad Nacional de Colombia. Facultad de Ciencias Naturales,
Fecha de publicación, distribución, etc. 2011.
300 ## - DESCRIPCION FISICA
Extensión 116 p. :
Otros detalles físicos il., mapas ;
Dimensiones 24 cm.
490 0# - MENCION DE SERIE
Mención de serie Monografías de fauna de Colombia
504 ## - NOTA DE BIBLIOGRAFIA, ETC.
Nota de bibliografía Incluye bibliografía.
650 #4 - ASIENTO SECUNDARIO DE MATERIA - TERMINO TEMATICO
Término temático o nombre geográfico como elemento de entrada Hormigas
Subdivisión general Hábitos y conducta.
650 #4 - ASIENTO SECUNDARIO DE MATERIA - TERMINO TEMATICO
Término temático o nombre geográfico como elemento de entrada Hormigas
Subdivisión general Ecología.
650 #4 - ASIENTO SECUNDARIO DE MATERIA - TERMINO TEMATICO
Término temático o nombre geográfico como elemento de entrada Hormigas
Subdivisión general Taxonomía.
650 #4 - ASIENTO SECUNDARIO DE MATERIA - TERMINO TEMATICO
Término temático o nombre geográfico como elemento de entrada Hormigas
Subdivisión general Evolución.
700 1# - ASIENTO SECUNDARIO - NOMBRE PERSONAL
Nombre personal Fernández, Fernando.
942 ## - ELEMENTOS ADICIONALES (KOHA)
Sistema de clasificación Dewey Decimal Classification
Tipo de ítem Impreso
Existencias
Withdrawn status Lost status Sistema de Clasificación Damaged status No para préstamo Colección Inventariado Ubicación Permanente Ubicación actual Fecha de adquisición Fuente de Valor Valor Total Checkouts Número topográfico Inventario / Código de Barras Date last seen Ejemplar Price effective from Forma de adquisición Tipo de material
    Dewey Decimal Classification     General Inventariado 2017 Bogotá Bogotá 12/08/2013 Instituto 39000.00   LB 595.796 O77h 058326 12/08/2013 Ej. 1 12/08/2013   Libro
    Dewey Decimal Classification     General Inventariado 2017 Sala Fabio Quevedo Sala Fabio Quevedo 24/02/2014 Instituto 39000.00   LB-595.796 O77h 059878 24/02/2014 Ej. 2 24/02/2014   Libro